| 000 | 00344nam a22001337a 4500 | ||
|---|---|---|---|
| 020 | _a9788126532582 | ||
| 082 |
_222 _a621.38456 |
||
| 100 | _aLee, William C.V. | ||
| 245 | _aMobile communications design fundamentals / | ||
| 250 | _a2nd. | ||
| 260 |
_bJohn Wily and Sons, _cc2011. |
||
| 300 |
_axix, 372p. ; _bill. ; _c22 cm. |
||
| 942 |
_2ddc _cEE _03 |
||
| 999 |
_c1092 _d1092 |
||